000 01743nam a2200385 i 4500
001 136030
003 FINmELB
005 20241217181007.0
006 m o u
007 cr cn|||||||||
008 241121s2023 ck ob 000 0 spa d
020 _a9789587567021
_q(e-book)
035 _a(OCoLC)1472951122
040 _aFINmELB
_bspa
_erda
_cFINmELB
050 1 4 _aLC1085
_bB826 2023
080 _a378.147
082 0 4 _a378.1035
_223
100 1 _aBravo Rojas, Shirley Lorena,
_eautor.
245 1 3 _aLa vinculación universidad-actores económicos y el desafío del desarrollo sostenible en el nuevo escenario global :
_bretos y oportunidades /
_cShirley Lorena Bravo Rojas y Bayron Dario Becerra Muñoz ; coordinadores María del Pilar Ramírez Salazar y Celso Garrido Noriega.
264 1 _aBogotá :
_bEditorial Universidad EAN,
_c2023.
300 _a1 recurso en línea (544 páginas)
336 _atexto
_btxt
_2rdacontent/spa
337 _acomputadora
_bc
_2rdamedia/spa
338 _arecurso en línea
_bcr
_2rdacarrier/spa
504 _aContiene bibliografía.
588 _aDescripción basada en metadatos suministrados por el editor y otras fuentes.
590 _aRecurso electrónico. Santa Fe, Arg.: elibro, 2024. Disponible vía World Wide Web. El acceso puede estar limitado para las bibliotecas afiliadas a elibro.
650 4 _aCooperación universidad empresa.
650 4 _aProductividad industrial
_xEfecto de las innovaciones tecnológicas.
655 4 _aLibros electrónicos.
700 1 _aGarrido Noguera, Celso,
_ecoordinador.
700 1 _aRamírez Salazar, María del Pilar,
_ecoordinador.
797 2 _aelibro, Corp.
856 4 0 _uhttps://elibro.net/ereader/politecnicointernacional/274736
999 _c136030
_d136030